Introducción a la bioquímica

Guardat en:
Dades bibliogràfiques
Autor principal: Walsh, E. O'F (Autor)
Format: Llibre
Idioma:espanyol
Publicat: Zaragoza Acribia 1971
Matèries:
Etiquetes: Afegir etiqueta
Sense etiquetes, Sigues el primer a etiquetar aquest registre!

MARC

LEADER 00000nam a2200000 a 4500
001 UCR5310
003 CL-VaPUC
008 980327e19710000SP |||||||||||||||||spa|d
082 0 4 |a 572  |b WAL  |2 21 
100 0 |a Walsh, E. O'F  |e author  |9 406069 
245 1 0 |a Introducción a la bioquímica 
300 |a 440 p 
942 |c BK 
945 |d 19980327 00:00:00  |a crobeson 
260 |a Zaragoza  |b Acribia  |c 1971 
650 0 |a Bioquímica   |9 259492 
650 7 |a FENOMENOS BIOQUIMICOS  |2 CL-VaPUC  |9 360969 
650 0 |a Análisis bioquímico  |9 363390 
650 0 |a Biología molecular  |9 269677 
650 0 |a Metabolismo  |9 259893 
650 7 |a BIOSINTESIS  |2 CL-VaPUC  |9 269567 
650 0 |a Enzimas  |9 262984 
650 0 |a Vitaminas  |9 343802 
650 7 |a HORMONAS  |2 CL-VaPUC  |9 269554 
650 0 |a Evolución  |9 259442 
583 |a last modification  |c 19980327 00:00:00  |k Rodrigo Vera 
999 |c 267925  |d 267923 
952 |0 0  |1 0  |4 0  |6 572_000000000000000_WAL_1971  |7 0  |8 A  |9 300759  |a BIBALI  |b BIBALI  |c GEN  |d 2019-11-20  |i 1973029  |o 572 WAL 1971  |p 1973029  |r 2025-01-20  |w 2019-11-20  |y BK  |k ALI